000 00541nam a22001697a 4500
003 OSt
005 20260127142452.0
008 260127b |||||||| |||| 00| 0 eng d
040 _cMRSPTU
041 _aENG
100 _aAmneet, Supervisor: Dr. Paramjeet Singh
245 _aIntegration of Sentiment Analysis Engine with Big Data with Lexical Based Approach
260 _b Department of CSE, MRSPTU, Bathinda
_c2021
650 _aComputer Science
856 _uhttp://163.47.215.52:8080/jspui/handle/123456789/393
942 _2ddc
_cTH
_n0
999 _c10756
_d10756